000 00648nam a22001937a 4500
005 20251108172224.0
008 250721s1983 xx 000 0 ara d
082 1 4 _aم/935/أحم
100 1 _aسوسه، أحمد
245 1 0 _aتاريخ حضارة وادي الرافدين في ضوء مشاريع الري الزراعية و المكتشفات الآثارية .... /
264 1 _aبغداد :
_bوزارة الري،
_c1983.
300 _a
650 1 7 _aبلاد ما بين النهرين
650 1 7 _aالتاريخ القديم
650 1 7 _aالحضارة
650 1 7 _aالعراق
942 _2ddc
_cREF
999 _c73527
_d73527